<?xml version="1.0" encoding="UTF-8"?><?xml-stylesheet type="text/xsl" href="static/style.xsl"?><OAI-PMH xmlns="http://www.openarchives.org/OAI/2.0/" xmlns:xsi="http://www.w3.org/2001/XMLSchema-instance" xsi:schemaLocation="http://www.openarchives.org/OAI/2.0/ http://www.openarchives.org/OAI/2.0/OAI-PMH.xsd"><responseDate>2026-06-07T17:26:20Z</responseDate><request verb="GetRecord" identifier="oai:docta.ucm.es:20.500.14352/116274" metadataPrefix="marc">https://docta.ucm.es/rest/oai/request</request><GetRecord><record><header><identifier>oai:docta.ucm.es:20.500.14352/116274</identifier><datestamp>2025-03-18T13:09:31Z</datestamp><setSpec>com_20.500.14352_14</setSpec><setSpec>col_20.500.14352_15</setSpec></header><metadata><record xmlns="http://www.loc.gov/MARC21/slim" xmlns:dcterms="http://purl.org/dc/terms/" xmlns:xsi="http://www.w3.org/2001/XMLSchema-instance" xmlns:doc="http://www.lyncode.com/xoai" xsi:schemaLocation="http://www.loc.gov/MARC21/slim http://www.loc.gov/standards/marcxml/schema/MARC21slim.xsd">
   <leader>00925njm 22002777a 4500</leader>
   <datafield ind2=" " ind1=" " tag="042">
      <subfield code="a">dc</subfield>
   </datafield>
   <datafield ind2=" " ind1=" " tag="720">
      <subfield code="a">Jaramillo-Vivanco, Tatiana</subfield>
      <subfield code="e">author</subfield>
   </datafield>
   <datafield ind2=" " ind1=" " tag="720">
      <subfield code="a">Cámara Hurtado, Rosa María</subfield>
      <subfield code="e">author</subfield>
   </datafield>
   <datafield ind2=" " ind1=" " tag="720">
      <subfield code="a">Cámara Hurtado, María De La Montaña</subfield>
      <subfield code="e">author</subfield>
   </datafield>
   <datafield ind2=" " ind1=" " tag="720">
      <subfield code="a">Tejera, Eduardo</subfield>
      <subfield code="e">author</subfield>
   </datafield>
   <datafield ind2=" " ind1=" " tag="720">
      <subfield code="a">Balslev, Henrik</subfield>
      <subfield code="e">author</subfield>
   </datafield>
   <datafield ind2=" " ind1=" " tag="720">
      <subfield code="a">Álvarez-Suarez, José Miguel</subfield>
      <subfield code="e">author</subfield>
   </datafield>
   <datafield ind2=" " ind1=" " tag="260">
      <subfield code="c">2023-09-29</subfield>
   </datafield>
   <datafield ind2=" " ind1=" " tag="520">
      <subfield code="a">Since ancient times, indigenous communities have depended on traditional and sustainable use of available food sources. Throughout the tropics, the larvae of the palm weevil Rhynchophorus palmarum L. (Curculionidae, Coleoptera) have served this purpose. Several studies have described the ancestral use of R. palmarum as an edible and medicinal insect in the Americas. The use of the grub for food and a system for rearing them are byproducts of the use of palms among several ethnic groups, many of which rely on the same harvesting techniques. The grubs also are used as treatments for several conditions. To better characterise these applications, we developed semi-structured surveys with 58 mostly open-ended questions focused on habitat, food, medicinal use, and commerce of grubs. Respondents were 42 informants from five ethnic groups in Amazonian Ecuador. Analysis indicated that the five groups had similar patterns of use, rearing, and collection of the larvae, but without a structured management plan. Grub collection remains a side activity related to traditional use of palms, but the larvae of this species could offer new opportunities in breeding, commercialisation, and consumption of edible insects as part of a sustainable-use strategy to strengthen food security in Amazonian populations. The potential of the larvae in medicinal use and as a factor in tourism in these regions suggests untapped opportunities with this year-round forest resource.</subfield>
   </datafield>
   <datafield ind1="8" ind2=" " tag="024">
      <subfield code="a">10.1163/23524588-20230135</subfield>
   </datafield>
   <datafield ind1="8" ind2=" " tag="024">
      <subfield code="a">https://hdl.handle.net/20.500.14352/116274</subfield>
   </datafield>
   <datafield ind1="8" ind2=" " tag="024">
      <subfield code="a">2352-4588</subfield>
   </datafield>
   <datafield ind1="8" ind2=" " tag="024">
      <subfield code="a">https://doi.org/10.1163/23524588-20230135</subfield>
   </datafield>
   <datafield ind2="0" ind1="0" tag="245">
      <subfield code="a">Ethnobiology of edible palm weevil larvae Rhynchophorus palmarum L. (Curculionidae, Coleoptera), a common food source in Amazonian Ecuador</subfield>
   </datafield>
</record></metadata></record></GetRecord></OAI-PMH>